stranger things trivia - Statistics

General Stats
  • This quiz has been taken 261 times
  • The average score is 14 of 15
Answer Stats
Question Answer % Correct
what is mikes little sister called holly
100%
who has the last name of sinclair lucas
100%
who is jonathans new freind argyle
99%
which song do dustin and suzie sing together never ending story
99%
who are the scoops troop steve robin dustin erica
98%
who does robin have a crush on vickie
98%
a bully who got hit on the head with a skate angela
97%
who is the main villain of season 1 demogorgan
96%
what is dmitri the prison guard's nickname enzo
94%
who goes to California to meet his girlfriend mike
91%
what does Eddie Munson play on his guitar master of puppets
88%
what happens to Jason at the end of season 4 he gets ripped apart
82%
what spread does yuri steal jif
77%
what does murray make for joyce's kids and mike risotto
75%
what's the name of Eddie Munson's uncle wayne
74%
No matching quizzes found
Score Distribution
Percent of People with Each Score
Percentile by Number Answered
Your Score History
You have not taken this quiz